| 000 | 00438nam a2200205Ia 4500 | ||
|---|---|---|---|
| 001 | 003848 | ||
| 003 | YMCAF | ||
| 005 | 20230512160236.0 | ||
| 008 | 100717s1971 ||||||||||||||||| ||und|d | ||
| 024 | _a3848 | ||
| 035 | _a3853 | ||
| 040 |
_aYMCAF _beng _cIN-KoLT |
||
| 041 | _aeng | ||
| 082 | _aHOW-STA | ||
| 100 | _aSTAPLETON JOHN | ||
| 245 | 0 | _aHOW TO PREPARE A MARKETING PLAN | |
| 260 | _c1971 | ||
| 300 | _a168 | ||
| 942 |
_2ddc _cBK |
||
| 999 |
_c3048 _d3048 |
||